000 01185cam a2200277 4500
001 J121846
008 030401n2003 000 0 eng u
035 _a(Sirsi) u121846
041 _aeng
050 _a692.8
_c18
110 _aJoint Contracts Tribunal
_93664
240 _aDSC/C/DP 2002
245 _aJCT standard form of domestic sub-contract 2002 edition
_bfor use with the Standard form of building contract 1998 edition (with and without quantities versions) incorporating a Contractor's designed portion supplement and Amendments 1:1999, 2:2000, 3:2001, 4:2002. Sub-contract conditions incorporating sub-contractor's designed portion (Conditions DSC/C/DP).
260 _aBirmingham
_bConstruction Industry Publications
_c2003
300 _a91p.
_c30cm.
350 _a25
490 _aJCT DSC/C/DP
650 _aCONTRACT CONDITIONS
650 _aCONDITIONS OF CONTRACT
650 _aSUBCONTRACTORS
650 _aDSC/C/DP 2002
650 _aDOMESTIC SUBCONTRACTS
650 _aBUILT ENVIRONMENT-BUILDING CONTRACT FORMS-STANDARD FORMS OF BUILDING CONTRACT-JOINT CONTRACTS TRIBNUAL CONTRACTS
690 _aBUILT ENVIRONMENT-BUILDING CONTRACT FORMS
942 _n0
999 _c102756
_d102756